LDR 02206naa#a2200421#i#450# 001 EN\\bibl\94857 005 20260630180549.2 011 ## _a1681-1208 100 ## _a20260428b2026####ek#y0engy0150####ca 102 ## _aRU 200 1# _aThe Content of Chlorophyll π‘Ž and Its Relation to Biogenic Elements of the Pelagic Zone of Lake Baikal _eJournal article 210 1# _aMoscow _cGeophysical Center of the Russian Academy of Sciences _d2026 215 ## _a0 с. 606 ## _aЭкология ΠΈ ΠΏΡ€ΠΈΡ€ΠΎΠ΄ΠΎΠΏΠΎΠ»ΡŒΠ·ΠΎΠ²Π°Π½ΠΈΠ΅. 05.04.06 _aНауки ΠΎ Π—Π΅ΠΌΠ»Π΅. 05.06.01 _2local 608 ## _aJournal article _2local 675 ## _aГидросфСра. Π’ΠΎΠ΄Π° Π² Ρ†Π΅Π»ΠΎΠΌ. ΠžΠ±Ρ‰Π°Ρ гидрология. 556 _aГСология. ГСологичСскиС ΠΈ гСофизичСскиС Π½Π°ΡƒΠΊΠΈ. 55 _aБСйсмология. 550.34 _aΠ“Π»Π°Π²Π½ΠΎΠ΅ ΠΌΠ°Π³Π½ΠΈΡ‚Π½ΠΎΠ΅ ΠΏΠΎΠ»Π΅ Π—Π΅ΠΌΠ»ΠΈ. 550.383 _z 686 ## _aΠ§Π΅Π»ΠΎΠ²Π΅ΠΊ ΠΈ ΠΎΠΊΡ€ΡƒΠΆΠ°ΡŽΡ‰Π°Ρ срСда. Экология Ρ‡Π΅Π»ΠΎΠ²Π΅ΠΊΠ°. Экология Π² Ρ†Π΅Π»ΠΎΠΌ. ΠžΡ…Ρ€Π°Π½Π° ΠΏΡ€ΠΈΡ€ΠΎΠ΄Ρ‹. 201 _2bbk 686 ## _aНауки ΠΎ Π—Π΅ΠΌΠ»Π΅. 26 _2bbk 686 ## _aΠŸΡ€ΠΎΡ‡ΠΈΠ΅ издания. 6369 _2tbk 686 ## _aНауки ΠΎ Π—Π΅ΠΌΠ»Π΅. Экология. 63 _2tbk 686 ## _aГидрология ΡΡƒΡˆΠΈ. 37.27 _2grnti 686 ## _aΠžΠ±Ρ‰ΠΈΠ΅ вопросы Π³Π΅ΠΎΡ„ΠΈΠ·ΠΈΠΊΠΈ. 37.01 _2grnti 686 ## _aΠ“Π΅ΠΎΠΌΠ°Π³Π½Π΅Ρ‚ΠΈΠ·ΠΌ ΠΈ высокиС слои атмосфСры. 37.15 _2grnti 686 ## _aОкСанология. 37.25 _2grnti 686 ## _aΠ€ΠΈΠ·ΠΈΠΊΠ° Π—Π΅ΠΌΠ»ΠΈ. 37.31 _2grnti 686 ## _aΠžΠ±Ρ‰ΠΈΠ΅ вопросы Π³Π΅ΠΎΠ»ΠΎΠ³ΠΈΠΈ. 38.01 _2grnti 686 ## _aΠ“Π•ΠžΠ”Π•Π—Π˜Π―. ΠšΠΠ Π’ΠžΠ“Π ΠΠ€Π˜Π―. 36.00 _2grnti 686 ## _aΠ“Π•ΠžΠ€Π˜Π—Π˜ΠšΠ. 37.00 _2grnti 686 ## _aΠ“Π•ΠžΠ›ΠžΠ“Π˜Π―. 38.00 _2grnti 686 ## _aΠ“Π•ΠžΠ“Π ΠΠ€Π˜Π―. 39.00 _2grnti 686 ## _aΠ“ΠžΠ ΠΠžΠ• Π”Π•Π›Πž. 52.00 _2grnti 700 #1 _aSakirko _gMariya Vladimirovna 700 #1 _aBlinov _gVadim Vasilyevich 700 #1 _aMakarov _gMikhail Mikhailovich 700 #1 _aVorobyova _gSvetlana Semenovna 700 #1 _aFedotov _gAndrey Petrovich 700 #1 _aDomysheva _gValentina Mikhailovna 856 4# _aras.editorum.ru _u